000 00849nam a2200205 a 4500
001 000041588
005 20201002035644.0
008 131016s2002 sp 001 0 spa d
020 _a8400080246
040 _aDO-SdBNP
_bspa
_cBNPHU
100 1 _aPedrero González, Amalia
_968353
245 1 3 _aLéxico español en el sudoeste de Estados Unidos :
_bBasado en las encuestas del atlas lingüistico de Estados Unidos /
_cAmalia Pedrero González,.
260 _aMadrid :
_bCSIC,
_c2002.
300 _a422 p ; :
_bil., retrs. ;
_c25 cm.
490 1 _aBiblioteca de filología hispánica
_v27
504 _aBibliografía : p. [423]
504 _aIncluye referencias bibliográficas y notas al pie de las páginas
710 2 _aConsejo Superior de Investigaciones Científicas (España)
_915178
830 0 _aBiblioteca de filología hispánica
_v27
_967489
999 _c41078
_d41078